Избрани произведения (Запис номер 198917)
[ съкратено ]
| 000 -Лидер | |
|---|---|
| Контролно поле с фиксирана дължина | 01256nam a2200289 c 4500 |
| 003 - Код на организацията, давaща контролен номер | |
| Контролно поле | BLK |
| 005 - Дата и час на последна редакция | |
| Контролно поле | 20190330122701.0 |
| 008 - Елементи от данни с фиксирана дължина | |
| fixed length control field | 180411b bul|||||r ||||||| ||bul|| |
| 010 ## - Наследен системен номер | |
| LC control number | KNG00208279000 |
| 040 ## - Източник на каталожния запис | |
| Идентификатор на билиотеката - собственик на записа | BLK |
| 041 ## - Код за език | |
| Код за езика на текст/звукозапис или на отделно заглавие | Български |
| Код за езика КДБФ | Български |
| 080 ## - УДК | |
| Текстов определител УДК | Българска литература |
| УДК код - определител по УДК | 821.163.2 |
| УДК определител | -31 |
| УДК - код + определител | 821.163.2-31 |
| 100 1# - Редна дума - Автор | |
| Автор | Карасимеонов, Александър Пантелеев |
| Авторска отговорност | първи автор |
| R(LIN) | 348450 |
| 139 ## - Редно поле | |
| Редна дума | Карасимеонов, Александър Пантелеев |
| Авторски знак | Карас - К 36 |
| 245 10 - Сведения за заглавието | |
| Заглавие | Избрани произведения |
| Подзаглавни данни | [Т. 1 -] |
| Редно поле (дума) | Александър Пантелеев Карасимеонов. |
| Том | [Т. 1] |
| Заглавие на том | Обич |
| 257 ## - Страна на издаване | |
| Страна на създаване/издаване | България |
| 260 ## - Област на издателските данни | |
| -- | София |
| Име на издателя, разпространителя и проч. | Бълг. писател |
| Година на издаване | 1990 |
| 300 ## - Физическа характеристика | |
| Размери/Мащаб | 21 см |
| 380 ## - Жанр | |
| Жанр | Худож. лит. |
| 505 ## - Форматирана забележка | |
| Подзаглавни данни | [Романи] |
| Авторската отговорност | |
| Заглавие | Еднодневни цветове |
| 760 1# - Описание на основната серия | |
| Редна дума на основното описание | Карасимеонов, Александър Пантелеев |
| Страници - том | 328 с. |
| Забележка - том | В библиогр. каре означено Избрани произведения. Т. 1. - 21 112 тир. |
| Заглавие | [Т. 1] Обич |
| 852 ## - Местоположение | |
| Форматна сигнатура | Цб 162105 |
| 856 4# - Електронен адрес и достъп | |
| Електронен формат | pdf - файл |
| Път до файла /url/ | |
| 856 4# - Електронен адрес и достъп | |
| Електронен формат | pdf - файл |
| Път до файла /url/ | |
| 942 ## - АРТИКУЛИ | |
| Вид на библиотечния материал | Книги |
| Скрит в OPAC | Не |
| Koha issues (borrowed), all copies | 1 |
| 944 ## - СЪЗДАВАНЕ И РЕДАКЦИЯ на ЗАПИСА | |
| Създаване/Редакция | Създаване |
| Дата на регистрацията/редакция | 19.06.2017 |
| Служител, извършил регистрацията/редакцията | Кети_Илиева |
| 944 ## - СЪЗДАВАНЕ И РЕДАКЦИЯ на ЗАПИСА | |
| Създаване/Редакция | Редакция |
| Дата на регистрацията/редакция | 19.06.2017 |
| Служител, извършил регистрацията/редакцията | Кети_Илиева |
| 999 ## - СИСТЕМНИ КОНТРОЛНИ НОМЕРА | |
| Koha biblionumber | 198917 |
| Koha biblioitemnumber | 198917 |
| Код за отписване | Код за изгубен артикул | Източник на класификационната схема | Код за повреда | Коз за рестрикции | Код за отдаване | Артикулен № | Име на библиотеката - собственик | Име на библиотеката, в която се намира в момента | Статус (Текущо местоположение) | Дата на вписване в системата | Местоположение - отдел | Цена в лева | Инвентарен номер | Систематично азбучна сигнатура | Баркод | Номер на екземпляра | Цена в евро | Служебна бележка | Служебен тип на артикула |
|---|---|---|---|---|---|---|---|---|---|---|---|---|---|---|---|---|---|---|---|
| Не е изгубен | Universal Decimal Classification | Не е повреден | без рестрикции | ползва се в читалня | 345656 | Регионална библиотека "Любен Каравелов" Русе | Регионална библиотека "Любен Каравелов" Русе | Хранилище | 1990-01-01 | Хранилище | 2.45 | 532424 | Цб 162105 | 120000532424 | 1 | 1.25 | Вид: Сф Дата: 01.01.1990 | Книги | |
| Изтеглен | Не е изгубен | Universal Decimal Classification | Не е повреден | без рестрикции | заемане за дома | 345657 | Регионална библиотека "Любен Каравелов" Русе | Регионална библиотека "Любен Каравелов" Русе | Заемна - подръчен фонд | 1990-01-01 | Заемна - подръчен фонд | 2.45 | 533027 | П 886.7-31/К 36 | 533027 | 2 | 1.25 | Вид: Сф Дата: 01.01.1990 | Книги |
| Не е изгубен | Universal Decimal Classification | Не е повреден | без рестрикции | заемане за дома | 345658 | Регионална библиотека "Любен Каравелов" Русе | Регионална библиотека "Любен Каравелов" Русе | Заемна - подръчен фонд | 1990-01-01 | Заемна - подръчен фонд | 2.45 | 533028 | П 886.7-31/К 36 | 120000533028 | 3 | 1.25 | Вид: Сф Дата: 01.01.1990 Дата инв: 13.02.2018 Бележки инв: П2018 | Книги |